000 00470nam a22001937i 4500
001 3432
003 OSt
005 20170126082318.0
007 tu
008 161220s1996 xxu||||| |||| 00| 0 d
024 7 _a3431
_2RID
040 _cOSt
084 _a10.12
_a14.4
_2z
245 0 0 _aSystems for Financing Newly Emerging Private Enterprises in Transition Economies
260 _aParis,
_c1996.
300 _a144 S. ;
_c30cm.
490 _aOECD Proceedings
110 2 _aOECD
_eEd.
942 _cB
999 _c3382
_d3382